[Event "CAMPIONATUL NATIONAL INDIVIDUA"]
[Site "BAILE OLANESTI"]
[Date "2010.02.04"]
[Round "6.6"]
[White "Dobre, Claudiu Cristian"]
[Black "Miron, Lucian Costin"]
[Result "0-1"]
[WhiteElo "2338"]
[BlackElo "2478"]
[PlyCount "80"]
[EventDate "2010.01.31"]

1. e4 e5 2. Nf3 Nc6 3. d4 exd4 4. Nxd4 Nf6 5. Nxc6 bxc6 6. Nd2 d5 7. exd5 cxd5
8. Bb5+ Bd7 9. Bxd7+ Qxd7 10. O-O Be7 11. Nf3 O-O 12. Bg5 Rab8 13. b3 h6 14.
Bh4 Rb6 15. c4 g5 16. Bg3 dxc4 17. Qxd7 Nxd7 18. Rac1 cxb3 19. axb3 Rc8 20. Nd4
Nc5 21. Rc4 Bf8 22. b4 Ne4 23. b5 c5 24. Rfc1 Nxg3 25. hxg3 Ra8 26. Nb3 Rxb5
27. Nxc5 a5 28. Nd7 Bb4 29. Nf6+ Kf8 30. Rd1 Be7 31. Ne4 a4 32. Ra1 a3 33. Rc2
Rab8 34. g4 Rb2 35. Rxb2 Rxb2 36. Kf1 Bb4 37. g3 Ke7 38. Kg2 Ke6 39. Kh3 Ke5
40. f3 a2 0-1

[Event "CAMPIONATUL NATIONAL INDIVIDUA"]
[Site "BAILE OLANESTI"]
[Date "2010.02.06"]
[Round "8.10"]
[White "Dobre, Claudiu Cristian"]
[Black "Breahna, Radu"]
[Result "1-0"]
[WhiteElo "2338"]
[BlackElo "2288"]
[PlyCount "67"]
[EventDate "2010.01.31"]

1. Nf3 c5 2. b3 d5 3. e3 Nc6 4. Bb2 a6 5. d4 Bg4 6. Be2 e6 7. Nbd2 Nf6 8. O-O
cxd4 9. Nxd4 Bxe2 10. Qxe2 Bc5 11. Nxc6 bxc6 12. c4 O-O 13. cxd5 cxd5 14. Rac1
Be7 15. Nf3 Qa5 16. Nd4 Bd6 17. Rc6 Rfd8 18. Rfc1 Ne8 19. a3 Bf8 20. Qc2 Rdb8
21. b4 Qd8 22. Nb3 Nd6 23. Be5 Rc8 24. Bxd6 Rxc6 25. Qxc6 Bxd6 26. g3 Be5 27.
Rc2 h5 28. h4 Ra7 29. Nc5 Qc7 30. Nd3 Qxc6 31. Rxc6 Bf6 32. Nc5 Bb2 33. a4 Ba3
34. Nxa6 1-0

[Event "CAMPIONATUL NATIONAL INDIVIDUA"]
[Site "?"]
[Date "2010.02.07"]
[Round "?"]
[White "Nevednichy, Vladislav"]
[Black "Dobre, Claudiu Cristian"]
[Result "1-0"]
[WhiteElo "2574"]
[BlackElo "2338"]
[PlyCount "246"]
[EventDate "2010.??.??"]

1. e4 d5 2. exd5 Qxd5 3. Nc3 Qa5 4. Nf3 Nf6 5. d4 c6 6. Bc4 Bg4 7. h3 Bxf3 8.
Qxf3 e6 9. O-O Bd6 10. Ne2 Nbd7 11. c3 O-O 12. a4 Rfe8 13. Ng3 Qc7 14. a5 c5
15. b3 cxd4 16. cxd4 a6 17. Bg5 Rac8 18. Rfc1 Qb8 19. Re1 Qc7 20. Rec1 Qb8 21.
Kh1 Rc6 22. Re1 Rcc8 23. Ne4 Nxe4 24. Qxe4 h6 25. Bh4 Be7 26. Bg3 Qa7 27. Qf3
Bf6 28. Re4 Red8 29. Be5 Bxe5 30. dxe5 Nf8 31. Rae1 Qc5 32. b4 Qe7 33. g3 Rc7
34. Bf1 Nd7 35. Qe3 Nb8 36. Rg4 Kh8 37. Qb6 Rd5 38. Bc4 Rd8 39. Kg1 Nc6 40. Bf1
Rd5 41. Rge4 Rc8 42. h4 Qc7 43. Rc1 Kg8 44. Kg2 Qxb6 45. axb6 Kf8 46. h5 Rdd8
47. b5 axb5 48. Bxb5 Ne7 49. Rxc8 Nxc8 50. Rb4 Nxb6 51. Be2 Nd7 52. f4 Nc5 53.
Bf3 Rc8 54. Rb5 Rc7 55. Kf2 Ke7 56. Ke3 Nd7 57. Bxb7 Rc3+ 58. Kf2 Rc2+ 59. Kf3
Rc3+ 60. Kg2 Ra3 61. Bc6 Rc3 62. Bf3 Rc8 63. Rb7 Kd8 64. Ra7 Rc7 65. Ra3 Rc8
66. g4 f6 67. exf6 gxf6 68. Kg3 Rc7 69. Be2 Ke7 70. Ra8 Nf8 71. Kh4 Kf7 72. Bb5
Kg7 73. Ra3 Kf7 74. Bd3 Kg7 75. Ra5 Kf7 76. Ra3 Kg7 77. Kg3 Kf7 78. Kf3 Kg7 79.
Ra4 Kf7 80. Bc4 Kg7 81. Rb4 Kh7 82. Ke4 Kg7 83. Bb3 Re7 84. Rb6 e5 85. f5 Rd7
86. Ke3 Nh7 87. Rb8 Nf8 88. g5 fxg5 89. f6+ Kxf6 90. Rxf8+ Kg7 91. Rg8+ Kh7 92.
Re8 Rd4 93. Rxe5 Rh4 94. Re7+ Kh8 95. Bf7 Rf4 96. Bg6 Rf6 97. Ke4 g4 98. Ke5
Rf8 99. Bf5 g3 100. Be4 Kg8 101. Re6 Kg7 102. Rg6+ Kh8 103. Bd5 Kh7 104. Rxg3
Kh8 105. Be6 Kh7 106. Rd3 Kg7 107. Rd7+ Kh8 108. Rc7 Rf2 109. Bf5 Rb2 110. Kf6
Rg2 111. Rb7 Rg1 112. Bd3 Rg4 113. Rh7+ Kg8 114. Rxh6 Rf4+ 115. Bf5 Rf2 116.
Rg6+ Kh8 117. Kg5 Rb2 118. Rc6 Rg2+ 119. Kh6 Rg8 120. Bg6 Rf8 121. Rc7 Kg8 122.
Rg7+ Kh8 123. Bf7 Rg8 1-0

[Event "CAMPIONATUL NATIONAL INDIVIDUAL MASCULI"]
[Site "BAILE OLANESTI"]
[Date "2010.02.02"]
[Round "3.18"]
[White "Malureanu, Costin George"]
[Black "Dobre, Claudiu Cristian"]
[Result "0-1"]
[WhiteElo "2096"]
[BlackElo "2338"]
[PlyCount "83"]
[EventDate "2010.??.??"]

1. e4 c6 2. d4 g6 3. c3 Bg7 4. Bg5 d5 5. Nd2 Nf6 6. e5 Nfd7 7. f4 O-O 8. Bd3 f6
9. Bh4 fxe5 10. fxe5 c5 11. Ngf3 Nc6 12. O-O Qb6 13. Qb3 c4 14. Qxb6 axb6 15.
Bc2 b5 16. a4 b4 17. cxb4 Nxb4 18. Bd1 Nc6 19. b3 c3 20. Nb1 c2 21. Bxc2 Rxf3
22. gxf3 Nxd4 23. Bd1 Nxe5 24. Ra2 Bh3 25. Rff2 Nd3 26. Rfd2 Nb4 27. Ra3 Nf5
28. Bf2 Rc8 29. a5 Rc1 30. Ra4 Rxb1 31. Rxb4 Bc3 32. Rxd5 Bxb4 33. Bb6 Nd6 34.
Rd4 Bc3 35. Rd3 Be5 36. Kf2 Bf5 37. Rd2 Bc3 38. Rd5 Kf7 39. Be2 Rxb3 40. Bc7
Ke6 41. Rd1 Ra3 42. Bb6 0-1

[Event "Festiv.  Int. de Sah Eforie 2010"]
[Site "Eforie Nord 2010"]
[Date "2010.06.20"]
[Round "4.12"]
[White "Dobre, Claudiu Cristian"]
[Black "Nabaty, Tamir"]
[Result "0-1"]
[WhiteElo "2347"]
[BlackElo "2493"]
[Annotator ",alex"]
[PlyCount "120"]
[EventDate "2010.??.??"]
[TimeControl "5400"]

1. e4 e5 2. Nf3 Nc6 3. Bb5 Nf6 4. O-O Bc5 5. Nxe5 Nxe4 6. Qe2 Nxe5 7. Qxe4 Qe7
8. d4 Nc6 9. Qxe7+ Bxe7 10. c3 a6 11. Ba4 d6 12. Re1 Be6 13. Nd2 Kd7 14. Nf1
Rae8 15. Ne3 Bg5 16. Bd2 Bh6 17. Nf1 Bxd2 18. Nxd2 b5 19. Bb3 Na5 20. Bxe6+
Rxe6 21. b3 Rhe8 22. Kf1 Nc6 23. Rxe6 fxe6 24. Nf3 Ne7 25. a4 b4 26. c4 Nc6 27.
Rd1 d5 28. Rc1 Kd6 29. Ke2 Na5 30. c5+ Ke7 31. Rb1 Nc6 32. Ke3 Kf6 33. Rd1 g5
34. h3 h5 35. Kd3 g4 36. Nd2 Rg8 37. Rh1 gxh3 38. g3 e5 39. Rxh3 Nxd4 40. f4
Nf5 41. fxe5+ Ke6 42. Nf1 Rg5 43. Rh2 Nxg3 44. Nd2 Ne4 45. Nxe4 dxe4+ 46. Kxe4
a5 47. c6 Rxe5+ 48. Kd4 Kd6 49. Rg2 h4 50. Rg4 Rd5+ 51. Kc4 Rh5 52. Rg6+ Ke5
53. Kb5 h3 54. Rg1 h2 55. Rh1 Kd4+ 56. Ka6 Kc3 57. Kb7 Rh7 58. Ka6 Kxb3 59.
Kxa5 Rh5+ 60. Ka6 Kxa4 0-1

[Event "Festiv.  Int. de Sah Eforie 2010"]
[Site "Eforie Nord 2010"]
[Date "2010.06.21"]
[Round "5.29"]
[White "Florescu, Codrut-Constantin"]
[Black "Dobre, Claudiu Cristian"]
[Result "1/2-1/2"]
[WhiteElo "2132"]
[BlackElo "2347"]
[PlyCount "39"]
[EventDate "2010.??.??"]

1. d4 c6 2. e4 d5 3. Nc3 dxe4 4. Nxe4 Bf5 5. Ng3 Bg6 6. h4 h6 7. Nf3 Nd7 8. h5
Bh7 9. Bd3 Bxd3 10. Qxd3 Ngf6 11. Bd2 e6 12. O-O-O Qc7 13. Qe2 O-O-O 14. Ne5
Nb6 15. Ba5 Rd5 16. Bxb6 axb6 17. Ne4 Nxe4 18. Qxe4 Bd6 19. f4 Rd8 20. g3
1/2-1/2

[Event "Festiv.  Int. de Sah Eforie 2010"]
[Site "Eforie Nord 2010"]
[Date "2010.06.22"]
[Round "6.27"]
[White "Marin Ionescu, Irina Luiza"]
[Black "Dobre, Claudiu Cristian"]
[Result "0-1"]
[WhiteElo "2132"]
[BlackElo "2347"]
[Annotator ",alex"]
[PlyCount "56"]
[EventDate "2010.??.??"]
[TimeControl "5400"]

1. c4 c5 2. g3 Nc6 3. Bg2 g6 4. Nc3 Bg7 5. d3 d6 6. Nf3 e6 7. O-O Nge7 8. e3 e5
9. a3 O-O 10. Rb1 a5 11. Ne1 Be6 12. Nd5 Rb8 13. Nc2 b5 14. Nxe7+ Nxe7 15. cxb5
Bb3 16. Qe2 Qb6 17. e4 Qxb5 18. Re1 Nc6 19. f4 Qa4 20. Ne3 Nd4 21. Qg4 exf4 22.
gxf4 Nc2 23. Nxc2 Bxc2 24. Ra1 Bxd3 25. f5 d5 26. fxg6 hxg6 27. Bf4 Rxb2 28.
Rad1 Be2 0-1

[Event "Festiv.  Int. de Sah Eforie 2010"]
[Site "Eforie Nord 2010"]
[Date "2010.06.23"]
[Round "7.12"]
[White "Dobre, Claudiu Cristian"]
[Black "Dziuba, Marcin"]
[Result "1/2-1/2"]
[WhiteElo "2347"]
[BlackElo "2576"]
[Annotator ",alex"]
[PlyCount "86"]
[EventDate "2010.??.??"]

1. d4 d5 2. c4 e6 3. Nf3 c6 4. Nbd2 Nf6 5. e3 c5 6. dxc5 Bxc5 7. Be2 Nc6 8. O-O
O-O 9. b3 Qe7 10. Bb2 Ba3 11. Qc1 Bxb2 12. Qxb2 e5 13. cxd5 Nxd5 14. Rac1 f6
15. Rfd1 Be6 16. a3 Rac8 17. Ne4 Bf7 18. b4 Rfd8 19. Bc4 Nb6 20. Bb3 Rxd1+ 21.
Rxd1 Rd8 22. Bxf7+ Qxf7 23. Rxd8+ Nxd8 24. Nfd2 Qd5 25. Qc2 Ne6 26. Nc3 Qc6 27.
Qb3 Kf8 28. a4 Nc7 29. h3 Ncd5 30. Nde4 Nxc3 31. Nxc3 Nc4 32. Qc2 Nd6 33. Qd3
Ke7 34. e4 Qc4 35. Qxc4 Nxc4 36. a5 Na3 37. Kf1 Nc2 38. Na2 Kd6 39. Ke2 Kc6 40.
Kd2 Nd4 41. Nc3 b6 42. axb6 axb6 43. Kd3 b5 1/2-1/2

[Event "Festiv.  Int. de Sah Eforie 2010"]
[Site "Eforie Nord 2010"]
[Date "2010.06.24"]
[Round "8.12"]
[White "Berbatov, Kiprian"]
[Black "Dobre, Claudiu Cristian"]
[Result "1/2-1/2"]
[WhiteElo "2471"]
[BlackElo "2347"]
[Annotator ",alex"]
[PlyCount "71"]
[EventDate "2010.??.??"]
[TimeControl "5400"]

1. e4 c5 2. Nf3 e6 3. d4 cxd4 4. Nxd4 a6 5. Bd3 Bc5 6. Nb3 Be7 7. O-O d6 8. Nc3
Nd7 9. f4 Ngf6 10. Qe2 Qc7 11. a4 b6 12. Bd2 Bb7 13. Rae1 O-O 14. e5 Nd5 15.
Nxd5 Bxd5 16. exd6 Bxd6 17. c4 Bb7 18. Bc3 g6 19. Qg4 Nc5 20. Nxc5 Bxc5+ 21.
Kh1 Rfd8 22. Be5 Bd6 23. Re3 Rd7 24. Bc3 Bc5 25. Rh3 f5 26. Qe2 Qc6 27. Rff3
Bd4 28. Bxd4 Rxd4 29. Rfg3 Rd7 30. Qe5 Rg7 31. b4 Rd8 32. Qe2 Re7 33. Qe5 Rg7
34. Qe2 Re7 35. Qe5 Rg7 36. Qe2 1/2-1/2

[Event "Festiv.  Int. de Sah Eforie 2010"]
[Site "Eforie Nord 2010"]
[Date "2010.06.25"]
[Round "9.24"]
[White "Dobre, Claudiu Cristian"]
[Black "Zaim, Marian"]
[Result "1-0"]
[WhiteElo "2347"]
[BlackElo "2195"]
[Annotator ",alex"]
[PlyCount "52"]
[EventDate "2010.??.??"]

1. b3 e5 2. Bb2 Nc6 3. e3 Nf6 4. c4 d6 5. d3 g6 6. Nd2 Bg7 7. Ngf3 O-O 8. Be2
Qe7 9. a3 e4 10. dxe4 Nxe4 11. Bxg7 Kxg7 12. Nxe4 Qxe4 13. O-O Rb8 14. Rc1 Qe7
15. Nd4 Bd7 16. Nb5 Rfc8 17. Nc3 f6 18. Nd5 Qf7 19. b4 Be6 20. e4 Ra8 21. f4 a5
22. b5 Bxd5 23. cxd5 Nd8 24. e5 Qe7 25. exf6+ Qxf6 26. Bg4 b6 1-0

[Event "Festiv.  Int. de Sah Eforie 2010"]
[Site "Eforie Nord 2010"]
[Date "2010.06.26"]
[Round "10.16"]
[White "Itkis, Boris"]
[Black "Dobre, Claudiu Cristian"]
[Result "1/2-1/2"]
[WhiteElo "2434"]
[BlackElo "2347"]
[Annotator ",alex"]
[PlyCount "86"]
[EventDate "2010.??.??"]
[TimeControl "5400"]

1. d4 d5 2. c4 c6 3. Nf3 Nf6 4. Nc3 e6 5. Qb3 Nbd7 6. Bg5 Be7 7. e3 dxc4 8.
Qxc4 Nd5 9. Bxe7 Qxe7 10. Be2 Qb4 11. Qxb4 Nxb4 12. Rc1 Ke7 13. a3 Nd5 14. Ne4
b6 15. O-O Bb7 16. Rfd1 Rac8 17. Bd3 f6 18. h4 h6 19. h5 Rhd8 20. Nh4 Nf8 21.
b4 Ra8 22. Nc3 a5 23. Nxd5+ cxd5 24. Rc7+ Rd7 25. Rdc1 Kd6 26. R7c3 axb4 27.
axb4 Rdd8 28. f3 Rdc8 29. Kf2 Rxc3 30. Rxc3 Rc8 31. Ra3 Ra8 32. Rxa8 Bxa8 33.
e4 Bc6 34. Ke3 Bd7 35. g3 Bc8 36. Kf4 dxe4 37. fxe4 e5+ 38. dxe5+ fxe5+ 39. Ke3
Nh7 40. Be2 Nf6 41. Bf3 Be6 42. Be2 Bd7 43. Bf3 Be6 1/2-1/2

[Event "Festiv.  Int. de Sah Eforie 2010"]
[Site "Eforie Nord 2010"]
[Date "2010.06.27"]
[Round "11.12"]
[White "Dobre, Claudiu Cristian"]
[Black "Szabo, Gergely-Andras-Gyul"]
[Result "1/2-1/2"]
[WhiteElo "2347"]
[BlackElo "2546"]
[Annotator ",alex"]
[PlyCount "52"]
[EventDate "2010.??.??"]
[TimeControl "5400"]

1. e4 c5 2. Nf3 d6 3. Bb5+ Nc6 4. d4 cxd4 5. Qxd4 Bd7 6. Bxc6 Bxc6 7. c4 f5 8.
Nc3 e5 9. Qd3 fxe4 10. Nxe4 d5 11. cxd5 Qxd5 12. Qxd5 Bxd5 13. Nc3 Bxf3 14.
gxf3 Nf6 15. Ke2 Bb4 16. Ne4 O-O 17. Be3 a6 18. Rac1 Rac8 19. Rxc8 Rxc8 20. Rc1
Rxc1 21. Nxf6+ gxf6 22. Bxc1 Kf7 23. f4 e4 24. f5 Bc5 25. f3 Bg1 26. h3 exf3+
1/2-1/2

[Event "Festiv. International de Sah Eforie"]
[Site "?"]
[Date "2010.06.20"]
[Round "?"]
[White "Dobre, Claudiu Cristian"]
[Black "Chirita Mihaila, Marius Constantin"]
[Result "1-0"]
[WhiteElo "2347"]
[BlackElo "2133"]
[PlyCount "58"]
[EventDate "2010.??.??"]

1. Nf3 g6 2. c4 Bg7 3. Nc3 d6 4. g3 e5 5. d4 Nc6 6. dxe5 Nxe5 7. Bg2 Nxc4 8.
Qa4+ c6 9. Qxc4 d5 10. Qa4 d4 11. Ne4 Bf5 12. Nc5 b5 13. Qa6 Ne7 14. Nh4 O-O
15. Nxf5 Nxf5 16. Qxc6 Rc8 17. Qxb5 d3 18. Nb3 dxe2 19. Qxe2 Re8 20. Be3 Bxb2
21. Rd1 Bc3+ 22. Kf1 Qf6 23. Bf3 a5 24. Kg2 a4 25. Nd2 Bd4 26. Ne4 Qe5 27. Bg5
Re6 28. Qd2 Rb8 29. Bf4 Ra8 1-0

[Event "Festivalul Hermannstadt - Seniori"]
[Site "?"]
[Date "2010.08.07"]
[Round "?"]
[White "Dobre, Claudiu Cristian"]
[Black "Secheres, Adrian Simion"]
[Result "1-0"]
[WhiteElo "2341"]
[BlackElo "1837"]
[PlyCount "113"]
[EventDate "2010.??.??"]

1. d4 g6 2. c4 Bg7 3. Nc3 Nf6 4. Nf3 O-O 5. e4 d6 6. Be2 e5 7. O-O Nc6 8. d5
Ne7 9. Ne1 a5 10. Be3 Nd7 11. f3 f5 12. g4 b6 13. Nd3 Kh8 14. Qd2 Nf6 15. h3
Nd7 16. Kg2 f4 17. Bf2 h6 18. a3 Ba6 19. b3 Ng8 20. h4 Ngf6 21. Nc1 Qe7 22. b4
axb4 23. axb4 Rfb8 24. Nb3 Qd8 25. Ra2 Bf8 26. Rfa1 Bb7 27. Nb5 Ne8 28. Na7 Be7
29. Kh3 Kh7 30. Qc3 Ng7 31. Qe1 Kh8 32. Nc1 Kh7 33. Nd3 Qe8 34. Rc2 Nf6 35. c5
bxc5 36. bxc5 h5 37. g5 Bc8+ 38. Kg2 Nd7 39. c6 Nb6 40. Kh2 Qf8 41. Rcc1 Qd8
42. Qg1 Qf8 43. Rc3 Qg8 44. Ra5 Qf8 45. Nc1 Qd8 46. Bd3 Qf8 47. Ne2 Qd8 48. Rc1
Ne8 49. Raa1 Kg8 50. Nc3 Kh7 51. Rcb1 Kg7 52. Ncb5 Kh7 53. Nxc7 Nxc7 54. Bxb6
Kg8 55. Nb5 Rxa1 56. Rxa1 Rxb6 57. Qxb6 1-0

[Event "Festivalul Hermannstadt - Seniori"]
[Site "?"]
[Date "2010.08.08"]
[Round "?"]
[White "Dobre, Claudiu Cristian"]
[Black "Pisu, Robert Daniel"]
[Result "1-0"]
[WhiteElo "2341"]
[BlackElo "1890"]
[PlyCount "101"]
[EventDate "2010.??.??"]

1. Nf3 d5 2. d4 Nf6 3. c4 e6 4. Nc3 c6 5. cxd5 exd5 6. Bg5 Be7 7. Qc2 h6 8. Bh4
O-O 9. e3 Nbd7 10. Bd3 a6 11. O-O Re8 12. Bg3 Nf8 13. Rab1 Nh5 14. Be5 Bg4 15.
Nd2 f6 16. Bg3 Nxg3 17. hxg3 Qd7 18. Na4 Rad8 19. b4 Bd6 20. Nc5 Qc8 21. a4 Re7
22. Rfc1 Qb8 23. b5 Bxc5 24. Qxc5 Qd6 25. Qxd6 Rxd6 26. bxa6 bxa6 27. Rb6 Rc7
28. Nb3 Bc8 29. Na5 Nd7 30. Rbxc6 Rdxc6 31. Rxc6 Rxc6 32. Nxc6 Bb7 33. Nd8 Bc8
34. Bf5 Kf8 35. Nc6 g6 36. Be6 Ke8 37. a5 Bb7 38. Nb4 Nb8 39. Bxd5 Bxd5 40.
Nxd5 Nc6 41. Nc7+ Ke7 42. Nxa6 Nxa5 43. Kf1 Kd6 44. Ke2 Nb7 45. Nb4 Nd8 46. Kd3
Ne6 47. Kc4 Ng5 48. f3 h5 49. Nd5 Nh7 50. Nf4 Nf8 51. e4 1-0

[Event "Festivalul Hermannstadt - Seniori"]
[Site "?"]
[Date "2010.08.08"]
[Round "?"]
[White "Toma, Radu Cristian"]
[Black "Dobre, Claudiu Cristian"]
[Result "1-0"]
[WhiteElo "2011"]
[BlackElo "2341"]
[PlyCount "47"]
[EventDate "2010.??.??"]

1. e4 c6 2. d4 d5 3. exd5 cxd5 4. c4 Nf6 5. Nc3 Nc6 6. Nf3 Bg4 7. Be2 e6 8. O-O
dxc4 9. Bxc4 Bxf3 10. Qxf3 Qxd4 11. Nb5 Qxc4 12. Nc7+ Kd7 13. Nxa8 Bd6 14. Rd1
e5 15. b3 Qe4 16. Qh3+ Ke7 17. Nc7 Bxc7 18. Ba3+ Nb4 19. Qc3 Bd6 20. Rxd6 Kxd6
21. Bxb4+ Ke6 22. Re1 Qf5 23. Qc5 Qf4 24. g3 1-0

[Event "Festivalul Hermannstadt - Seniori"]
[Site "?"]
[Date "2010.08.09"]
[Round "?"]
[White "Pop, Alexandru"]
[Black "Dobre, Claudiu Cristian"]
[Result "0-1"]
[WhiteElo "2071"]
[BlackElo "2341"]
[PlyCount "58"]
[EventDate "2010.??.??"]

1. e4 c6 2. d4 d5 3. exd5 cxd5 4. c4 Nf6 5. Nc3 Nc6 6. Bg5 Be6 7. Nf3 Ne4 8.
cxd5 Bxd5 9. Nxe4 Bxe4 10. Be2 g6 11. O-O Bg7 12. Be3 O-O 13. Qd2 Qd7 14. Ng5
Bd5 15. Rfd1 Rfd8 16. b4 e6 17. b5 Ne7 18. g4 Rac8 19. Rac1 b6 20. Bf4 Bb7 21.
Rxc8 Rxc8 22. Qd3 Nd5 23. Bd2 Nf6 24. Bf4 h6 25. Nh3 Ne4 26. Qe3 Nc3 27. Rd3
Bxd4 28. Qd2 Nxe2+ 29. Qxe2 Qd5 0-1

[Event "Festivalul Hermannstadt - Seniori"]
[Site "?"]
[Date "2010.08.10"]
[Round "?"]
[White "Dobre, Claudiu Cristian"]
[Black "Bonte, Andrei-Mihai"]
[Result "1/2-1/2"]
[WhiteElo "2341"]
[BlackElo "2301"]
[PlyCount "143"]
[EventDate "2010.??.??"]

1. d4 d5 2. c4 dxc4 3. Nf3 Nf6 4. e3 e6 5. Bxc4 c5 6. O-O a6 7. dxc5 Qxd1 8.
Rxd1 Bxc5 9. Nbd2 b6 10. Be2 Bb7 11. Nc4 Nbd7 12. b3 Ke7 13. Ne1 Nd5 14. Bb2 f6
15. Nd3 Ra7 16. Rac1 Nb4 17. Nxb4 Bxb4 18. Nxb6 Nxb6 19. Bd4 Rc8 20. Bxb6 Raa8
21. f3 Ba3 22. Rc4 Bc6 23. Bc5+ Bxc5 24. Rxc5 Bb5 25. Rxc8 Rxc8 26. Rd2 Bxe2
27. Rxe2 Rc1+ 28. Kf2 h5 29. Rd2 g5 30. Kg3 h4+ 31. Kg4 Rh1 32. g3 hxg3 33.
hxg3 Kf7 34. f4 gxf4 35. gxf4 f5+ 36. Kg3 Ra1 37. Kf3 Kf6 38. Ke2 a5 39. Kd3 e5
40. Kc4 e4 41. Rd6+ Ke7 42. Rd5 Rc1+ 43. Kb5 Ke6 44. Re5+ Kf6 45. Rc5 Rd1 46.
Rc6+ Ke7 47. Rc3 Rd3 48. Kc4 Rd2 49. a3 Kd6 50. b4 axb4 51. Kxb4 Rb2+ 52. Ka5
Rb1 53. a4 Rb2 54. Ka6 Rb1 55. a5 Rb2 56. Ra3 Kc5 57. Ka7 Kb4 58. Ra1 Kc4 59.
a6 Kd3 60. Ra3+ Ke2 61. Ka8 Rb5 62. a7 Kf2 63. Rc3 Ke2 64. Rc8 Kxe3 65. Rb8 Ra5
66. Kb7 Kxf4 67. a8=Q Rxa8 68. Rxa8 Kf3 69. Kc6 e3 70. Kd5 e2 71. Re8 Kf2 72.
Kd4 1/2-1/2

[Event "Festivalul Hermannstadt - Seniori"]
[Site "?"]
[Date "2010.08.10"]
[Round "?"]
[White "Panush, Viktor"]
[Black "Dobre, Claudiu Cristian"]
[Result "1/2-1/2"]
[WhiteElo "2109"]
[BlackElo "2341"]
[PlyCount "97"]
[EventDate "2010.??.??"]

1. e4 c6 2. d4 d5 3. exd5 cxd5 4. Bd3 Nc6 5. Nf3 Bg4 6. c3 Qc7 7. O-O e6 8. Re1
Bd6 9. h3 Bh5 10. Nbd2 Nge7 11. Nf1 Bg6 12. Ne3 O-O 13. Ng4 Rab8 14. h4 b5 15.
Ng5 h6 16. Nh3 Bxd3 17. Qxd3 Nf5 18. h5 b4 19. Ne3 Nxe3 20. Qxe3 bxc3 21. bxc3
e5 22. dxe5 Bxe5 23. Qc5 Qb6 24. Qxb6 Rxb6 25. Be3 Bxc3 26. Bxb6 axb6 27. Rac1
Bxe1 28. Rxc6 Ra8 29. Rxb6 Bc3 30. Rd6 d4 31. Nf4 Kf8 32. Nd5 Bb2 33. Kf1 Bc3
34. a4 Kg8 35. Nxc3 dxc3 36. Rc6 Rxa4 37. Rxc3 Ra5 38. g4 f5 39. f3 fxg4 40.
fxg4 Ra4 41. Rg3 Kf7 42. Kg2 Kf6 43. Kh3 Kg5 44. Rb3 Ra5 45. Rc3 Re5 46. Ra3
Rb5 47. Rc3 Re5 48. Ra3 Rb5 49. Rc3 1/2-1/2

[Event "Festivalul Hermannstadt - Seniori"]
[Site "?"]
[Date "2010.08.11"]
[Round "?"]
[White "Dobre, Claudiu Cristian"]
[Black "Pribeanu, Mihail-Dacian"]
[Result "1-0"]
[WhiteElo "2341"]
[BlackElo "2195"]
[PlyCount "68"]
[EventDate "2010.??.??"]

1. d4 Nf6 2. c4 g6 3. Nc3 Bg7 4. e4 d6 5. Nf3 O-O 6. Be2 Nbd7 7. O-O e5 8. Qc2
c6 9. Rd1 exd4 10. Nxd4 Qe7 11. Rb1 a5 12. b3 Nc5 13. f3 Rd8 14. Bg5 h6 15. Bh4
Qe5 16. a3 g5 17. Bg3 Qe7 18. b4 axb4 19. axb4 Nh5 20. Bf2 Nf4 21. Bf1 Na6 22.
b5 Nb8 23. bxc6 Nxc6 24. Nde2 Nxe2+ 25. Bxe2 Be6 26. Nd5 Bxd5 27. Rxd5 Rd7 28.
Qd2 Ne5 29. Rd1 Rc7 30. Rxd6 Nxc4 31. Bxc4 Rxc4 32. Rd7 Qb4 33. Qd5 Rf8 34.
Rxb7 Qxb7 1-0

[Event "Festivalul Hermannstadt - Seniori"]
[Site "?"]
[Date "2010.08.12"]
[Round "?"]
[White "Dobre, Claudiu Cristian"]
[Black "Georgescu, Tiberiu-Marian"]
[Result "1/2-1/2"]
[WhiteElo "2341"]
[BlackElo "2404"]
[PlyCount "36"]
[EventDate "2010.??.??"]

1. Nf3 c5 2. b3 d5 3. e3 Nf6 4. Bb2 e6 5. Bb5+ Nbd7 6. O-O Bd6 7. d4 O-O 8.
Nbd2 a6 9. Be2 b6 10. Ne5 Bb7 11. Nxd7 Nxd7 12. c4 cxd4 13. Bxd4 Be5 14. Bxe5
Nxe5 15. Nf3 Nd7 16. cxd5 Bxd5 17. Qd4 Qf6 18. Rac1 Qxd4 1/2-1/2

[Event "Festivalul Hermannstadt - Seniori"]
[Site "?"]
[Date "2010.08.12"]
[Round "?"]
[White "Miron, Lucian Costin"]
[Black "Dobre, Claudiu Cristian"]
[Result "1/2-1/2"]
[WhiteElo "2497"]
[BlackElo "2341"]
[PlyCount "71"]
[EventDate "2010.??.??"]

1. d4 d5 2. c4 c6 3. Nf3 Nf6 4. e3 Bg4 5. Qb3 Qb6 6. Nc3 e6 7. Nh4 Bh5 8. h3 g5
9. Nf3 h6 10. Bd3 Nbd7 11. Bd2 Qxb3 12. axb3 Bg6 13. Bxg6 fxg6 14. O-O a6 15.
Ne1 Bd6 16. Nd3 Ne4 17. Nxe4 dxe4 18. Nc1 O-O 19. Ne2 Nf6 20. Nc3 Rad8 21. Rad1
Rf7 22. Bc1 Bb4 23. f3 exf3 24. gxf3 Rfd7 25. Na2 Ba5 26. b4 Bc7 27. Bd2 e5 28.
Bc3 Nh5 29. Kf2 exd4 30. Rxd4 Rxd4 31. Bxd4 Nf4 32. Rh1 Nd3+ 33. Ke2 Nf4+ 34.
Kf2 Nd3+ 35. Ke2 Nf4+ 36. Kf2 1/2-1/2

[Event "Mem Radulescu 2009"]
[Site "?"]
[Date "2009.11.02"]
[Round "6.6"]
[White "Nita, Lucian"]
[Black "Dobre, Claudiu Cristian"]
[Result "1-0"]
[WhiteElo "2213"]
[BlackElo "2283"]
[PlyCount "22"]
[EventDate "2009.12.22"]

1. e4 c6 2. d3 d5 3. Nd2 e5 4. Ngf3 Bd6 5. d4 exd4 6. exd5 c5 7. Bb5+ Bd7 8.
Qe2+ Ne7 9. Ne4 Qc7 10. Bg5 O-O 11. Nxd6 Nxd5 1-0

[Event "Romanian Teams Championship - "]
[Site "Eforie Nord"]
[Date "2009.09.20"]
[Round "2.5"]
[White "Pribeanu, Mihail-Dacian"]
[Black "Dobre, Claudiu Cristian"]
[Result "1-0"]
[WhiteElo "2210"]
[BlackElo "2283"]
[PlyCount "81"]
[EventDate "2009.09.19"]

1. e4 c6 2. d3 e5 3. Nf3 d6 4. g3 g6 5. Bg2 Bg7 6. O-O Ne7 7. d4 O-O 8. dxe5
dxe5 9. Nbd2 Qc7 10. b3 h6 11. Bb2 Be6 12. Qe2 Nd7 13. Ne1 g5 14. Ba3 c5 15.
Nc4 b5 16. Ne3 b4 17. Bb2 Nb6 18. Nd3 a5 19. f4 f6 20. fxe5 fxe5 21. Nf5 c4 22.
Nxg7 cxd3 23. Nxe6 dxe2 24. Rxf8+ Rxf8 25. Nxc7 Rc8 26. Nd5 Nexd5 27. exd5 Rxc2
28. Bxe5 Nd7 29. Bd6 Rxa2 30. Re1 a4 31. Bxb4 axb3 32. Bh3 Ne5 33. Be6+ Kh7 34.
Bf5+ Kg8 35. Kf2 Kf7 36. Rxe2 Kf6 37. Bb1 Ng4+ 38. Ke1 Rxe2+ 39. Kxe2 Ke5 40.
d6 Ke6 41. d7 1-0

[Event "Romanian Teams Championship - "]
[Site "Eforie Nord"]
[Date "2009.09.23"]
[Round "5.2"]
[White "Parligras, Mircea Emilian"]
[Black "Dobre, Claudiu Cristian"]
[Result "1-0"]
[WhiteElo "2547"]
[BlackElo "2283"]
[PlyCount "59"]
[EventDate "2009.09.19"]

1. e4 c6 2. d4 d5 3. e5 Bf5 4. Nf3 e6 5. Be2 c5 6. Be3 Qb6 7. c4 dxc4 8. Nbd2
Bd3 9. Nxc4 Qb4+ 10. Ncd2 Bxe2 11. Qxe2 cxd4 12. Nxd4 Ne7 13. a3 Qa4 14. Rc1
Qd7 15. Nb5 Nd5 16. Nc4 Nc6 17. O-O Be7 18. Nbd6+ Kf8 19. f4 h5 20. f5 Nxe5 21.
Nxe5 Qxd6 22. Bc5 Qa6 23. Qxa6 bxa6 24. fxe6 Rh6 25. exf7 Bxc5+ 26. Rxc5 Nb6
27. Rc7 Rd6 28. Rf5 g6 29. Rg5 Nd5 30. Nd7+ 1-0

[Event "TCh-ROU Superliga"]
[Site "Eforie Nord ROU"]
[Date "2009.09.19"]
[Round "1.2"]
[White "Mateuta, Gabriel"]
[Black "Dobre, Claudiu Cristian"]
[Result "1/2-1/2"]
[WhiteElo "2496"]
[BlackElo "1481"]
[PlyCount "120"]
[EventDate "2009.09.19"]

1. d4 Nf6 2. Nf3 c5 3. d5 e6 4. c4 b5 5. dxe6 fxe6 6. cxb5 d5 7. Bf4 Bd6 8.
Bxd6 Qxd6 9. Nbd2 Nbd7 10. g3 O-O 11. Bh3 Qe7 12. O-O e5 13. e4 dxe4 14. Ng5 e3
15. fxe3 Nb6 16. Qb3+ Kh8 17. Bxc8 Raxc8 18. Nc4 h6 19. Nf3 Nxc4 20. Qxc4 e4
21. Nh4 Kh7 22. Rad1 g6 23. Ng2 g5 24. Rf5 Nd7 25. Rdf1 Rxf5 26. Rxf5 Kg6 27.
g4 Nb6 28. Qc2 c4 29. a4 c3 30. bxc3 Rc4 31. a5 Na4 32. Qb3 Qe6 33. b6 axb6 34.
a6 Nxc3 35. a7 Ne2+ 36. Kf2 Nc1 37. Qd1 Nd3+ 38. Kg1 Qc6 39. Rf1 Ra4 40. Qb3
Rxa7 41. h4 Kg7 42. hxg5 hxg5 43. Rb1 Ne5 44. Qxb6 Qxb6 45. Rxb6 Nxg4 46. Rb1
Ra2 47. Rc1 Rb2 48. Ra1 Kf7 49. Ra7+ Ke6 50. Ra6+ Kd7 51. Ne1 Re2 52. Ng2 Nxe3
53. Nxe3 Rxe3 54. Rg6 Ke7 55. Rxg5 Kf6 56. Ra5 Rf3 57. Kg2 Ke6 58. Rb5 Rf7 59.
Ra5 Kd6 60. Rh5 Rf4 1/2-1/2